[Event "Challenge"]
[Site "http://www.queenalice.com/game.php?id=450547"]
[Date "2008.8.19"]
[Round "-"]
[White "yclaudiu35"]
[Black "willians"]
[Result "0-1"]
[WhiteElo "1881"]
[BlackElo "1754"]

1. e4 c5 2. Nc3 Nc6 3. a3 Nf6 4. Bc4 d6 5. Ba2 g6 6. h3 Bg7 7. d3 O-O 8. Nf3 e6
9. Bf4 a6 10. Qd2 b5 11. g4 Bb7 12. Ng5 Nd4 13. Ne2 h6 14. Nxd4 hxg5 15. Nxe6
fxe6 16. Bxe6+ Kh7 17. Bxg5 Qe7 18. Ba2 Rae8 19. O-O-O Qe5 20. f4 Qxb2+ 21. Kxb2
Nxe4+ 22. Kc1 Nxd2 23. Kxd2 Bxh1 24. Rxh1 Bf6 25. Bxf6 Rxf6 26. Rf1 Ref8 27. Ke3
Re8+ 28. Kd2 Kg7 29. Bd5 Re7 30. c4 Rf8 31. cxb5 axb5 32. Kc3 Ra7 33. Kb3 Ra4
34. f5 Rd4 35. Kc3 Rxd5 36. Re1 gxf5 37. gxf5 Rfxf5 38. Rb1 Rf3 39. Rxb5 Rdxd3+
40. Kc4 Rxa3 41. Rb6 Rac3+ 42. Kd5 Rcd3+ 0-1

[Event "Challenge"]
[Site "http://www.queenalice.com/game.php?id=450548"]
[Date "2008.8.19"]
[Round "-"]
[White "alfabeto"]
[Black "willians"]
[Result "1-0"]
[WhiteElo "1987"]
[BlackElo "1812"]

1. e4 c5 2. Nf3 Nc6 3. Bb5 g6 4. c3 Bg7 5. d4 cxd4 6. cxd4 e6 7. O-O Nge7 8. d5
a6 9. dxc6 axb5 10. cxd7+ Qxd7 11. Qb3 b6 12. Nc3 O-O 13. Rd1 Qc6 14. Nd4 Bxd4
15. Rxd4 Bb7 16. Qxb5 Rfd8 17. Be3 Rxd4 18. Bxd4 Qxb5 19. Nxb5 Bxe4 20. Nc3 Bd5
21. Bxb6 Rb8 22. Nxd5 Nxd5 23. Bd4 f6 24. b3 e5 25. Bb2 Nb4 26. Bc3 Kg7 27. Bxb4
Rxb4 28. Rb1 Kf7 29. a3 Rb8 30. a4 Ke7 31. Kf1 Kd7 32. Ke2 Kc6 33. Kd3 f5 34.
Kc4 Rd8 35. b4 Ra8 36. a5 e4 37. Rd1 Ra7 38. b5+ Kb7 39. Rd7+ Kb8 40. Rxa7 Kxa7
41. g3 h5 42. Kd5 g5 43. Ke5 1-0

[Event "Challenge"]
[Site "http://www.queenalice.com/game.php?id=450549"]
[Date "2008.8.19"]
[Round "-"]
[White "willians"]
[Black "Grant_Lee_Buffalo"]
[Result "1-0"]
[WhiteElo "1745"]
[BlackElo "1802"]

1. e4 e5 2. Nf3 Nc6 3. Nc3 Nf6 4. d4 exd4 5. Nxd4 Nxd4 6. Qxd4 a6 7. e5 Ng8 8.
Bc4 c6 9. a3 b5 10. Ba2 h6 11. O-O Ne7 12. Qf4 f5 13. exf6 gxf6 14. Qxf6 Rh7 15.
Re1 Bb7 16. Qg6+ 1-0

[Event "Challenge"]
[Site "http://www.queenalice.com/game.php?id=450555"]
[Date "2008.8.19"]
[Round "-"]
[White "KAXY"]
[Black "willians"]
[Result "0-1"]
[WhiteElo "1661"]
[BlackElo "1775"]

1. d4 Nf6 2. Nc3 d5 3. e3 Nc6 4. Bb5 Bd7 5. Nf3 e6 6. Ne5 Nxe5 7. dxe5 Bxb5 8.
Nxb5 Nd7 9. f4 c6 10. Nd6+ Bxd6 11. exd6 Qb8 12. Qd4 O-O 13. Bd2 c5 14. Qa4 Qxd6
15. O-O-O Nb6 16. Qb5 a6 17. Qe2 Nc4 18. Kb1 b5 19. Bc3 f6 20. g4 b4 21. Bd2 a5
22. h4 a4 23. Rhf1 Qb6 24. e4 b3 25. cxb3 axb3 26. a3 Qa6 27. exd5 Nxa3+ 28.
bxa3 Qxe2 29. Rfe1 Qd3+ 30. Ka1 Qc2 0-1

[Event "Challenge"]
[Site "http://www.queenalice.com/game.php?id=450560"]
[Date "2008.8.19"]
[Round "-"]
[White "willians"]
[Black "rsgaspar"]
[Result "1/2-1/2"]
[WhiteElo "1753"]
[BlackElo "1786"]

1. e4 e5 2. Nf3 Nc6 3. Nc3 Bc5 4. Nxe5 Nxe5 5. d4 Bb4 6. dxe5 Bxc3+ 7. bxc3 Qe7
8. f4 Qc5 9. Qd4 Qe7 10. Be2 d6 11. exd6 cxd6 12. Ba3 Nf6 13. e5 dxe5 14. Bxe7
exd4 15. Bxf6 gxf6 16. cxd4 Bf5 17. c3 Rc8 18. Rc1 Ke7 19. Kf2 Kd6 20. c4 Be6
21. Rhd1 b6 22. g3 h5 23. a3 h4 24. g4 f5 25. g5 Ke7 26. h3 Kf8 27. c5 bxc5 28.
Rxc5 Kg7 29. Rdc1 Rhd8 30. Rxc8 Rxc8 31. Rxc8 Bxc8 32. Bf3 f6 33. gxf6+ Kxf6 34.
Ke3 a5 35. Kd2 Ke6 36. Kc3 Kd6 37. Kb3 Bd7 38. Kc4 Be8 39. Bg2 Ba4 40. Bf1 Bc6
1/2-1/2

[Event "AUTO-ADV-1009"]
[Site "http://www.queenalice.com/game.php?id=450837"]
[Date "2008.8.20"]
[Round "1"]
[White "Guarani"]
[Black "willians"]
[Result "0-1"]
[WhiteElo "1911"]
[BlackElo "1815"]

1. d4 Nf6 2. c4 g6 3. Nc3 d5 4. e3 Bg7 5. Nf3 O-O 6. Bd2 Nc6 7. Rc1 Bg4 8. Be2
a6 9. c5 e6 10. O-O Qe7 11. Ne1 Bxe2 12. Qxe2 e5 13. dxe5 Nxe5 14. b4 Nc4 15.
Qd3 Rad8 16. Rb1 Nxd2 17. Qxd2 Ne4 18. Nxe4 dxe4 19. Qe2 c6 20. Nc2 Rd7 21. Rfd1
Rfd8 22. g3 Qe6 23. Ne1 Bc3 24. Ng2 Rd2 25. Rxd2 Rxd2 26. Qe1 g5 27. Rb3 Qd5 28.
Rb1 Qxa2 29. h4 Rxf2 30. Qxf2 Qxb1+ 31. Kh2 gxh4 32. Nxh4 Qb2 33. Qxb2 Bxb2 34.
Nf5 Ba3 35. Nd6 Bxb4 36. Nxb7 a5 37. Nd6 a4 0-1

[Event "AUTO-ADV-1009"]
[Site "http://www.queenalice.com/game.php?id=450838"]
[Date "2008.8.20"]
[Round "1"]
[White "willians"]
[Black "Guarani"]
[Result "1-0"]
[WhiteElo "1835"]
[BlackElo "1900"]

1. e4 e5 2. Nf3 Nc6 3. Nc3 a6 4. a3 Bc5 5. Nxe5 Nxe5 6. d4 Nf3+ 7. gxf3 Ba7 8.
Bc4 b5 9. Ba2 d6 10. Bd5 Rb8 11. Rg1 g6 12. Bg5 Qd7 13. Qd2 Ne7 14. Qf4 f5 15.
e5 c6 16. Bxe7 Qxe7 17. Bxc6+ Bd7 18. Bxd7+ Qxd7 19. Nd5 Qe7 20. Nf6+ Kf7 21.
O-O-O dxe5 22. dxe5 Rb7 23. Rd3 Rd8 24. Rxd8 Qxd8 25. Nxh7 Bxf2 26. Rd1 Qb6 27.
Rd3 Rc7 28. Nf6 Qa5 29. Rd2 b4 30. Qh6 bxa3 31. Qh7+ Ke6 32. Qg8+ Rf7 33. Qe8+
Re7 34. Rd6+ Kxe5 35. Qxe7+ Kf4 36. Rd3 a2 37. Nh5+ gxh5 38. Qd6+ Kg5 39. f4+
Kg4 40. h3+ 1-0

[Event "AUTO-ADV-1009"]
[Site "http://www.queenalice.com/game.php?id=450853"]
[Date "2008.8.20"]
[Round "1"]
[White "whyBish"]
[Black "willians"]
[Result "1-0"]
[WhiteElo "2042"]
[BlackElo "1758"]

1. d4 Nf6 2. c4 g6 3. Nf3 d5 4. cxd5 Nxd5 5. e4 Nf6 6. Nc3 Bg7 7. Be3 e6 8. e5
Nd5 9. Nxd5 exd5 10. Be2 Nc6 11. O-O O-O 12. Rc1 Bd7 13. Qb3 Bc8 14. Ne1 a6 15.
f4 b5 16. Rxc6 Bb7 17. Rc3 Qe7 18. Nd3 1-0

[Event "AUTO-ADV-1009"]
[Site "http://www.queenalice.com/game.php?id=450854"]
[Date "2008.8.20"]
[Round "1"]
[White "willians"]
[Black "whyBish"]
[Result "0-1"]
[WhiteElo "1763"]
[BlackElo "2037"]

1. e4 c5 2. Nf3 g6 3. d4 cxd4 4. Qxd4 Nf6 5. e5 Nc6 6. Qd1 Ng4 7. Bf4 Bg7 8. Qe2
Qc7 9. g3 Ngxe5 10. c3 Nxf3+ 11. Qxf3 Ne5 12. Qe2 O-O 13. Bg2 d6 14. O-O Bf5 15.
Bxe5 dxe5 16. Nd2 Rfd8 17. Rad1 Bd3 18. Qf3 Bxf1 0-1

[Event "AUTO-ADV-1009"]
[Site "http://www.queenalice.com/game.php?id=450863"]
[Date "2008.8.20"]
[Round "1"]
[White "marcelob2"]
[Black "willians"]
[Result "0-1"]
[WhiteElo "1700"]
[BlackElo "1803"]

1. e4 c5 2. Nf3 Nc6 3. d4 cxd4 4. Nxd4 g6 5. Nc3 Bg7 6. Be3 Nf6 7. f4 d5 8. e5
Ng4 9. Qf3 Nxe3 10. Qxe3 O-O 11. h3 Qb6 12. O-O-O Nxd4 13. Rxd4 Bd7 14. Nxd5 Qc5
15. g4 Rac8 16. Qd2 Rfe8 17. Rc4 Qxc4 18. Bxc4 Rxc4 19. f5 Bxe5 20. Rf1 Bc6 21.
Nc3 Rc8 22. Qg5 f6 23. Qh6 g5 24. Re1 Bd7 25. Rxe5 fxe5 26. Qxg5+ Kf7 27. Qe3 e4
28. Qxa7 R8c7 29. Qf2 b5 30. a3 Rc8 31. h4 b4 32. axb4 Rxb4 33. Nd5 Rbc4 34. c3
R4c5 35. Ne3 Rb8 36. Qf4 Rcb5 37. Nd1 R8b6 38. Qxe4 Bc6 0-1

[Event "AUTO-ADV-1009"]
[Site "http://www.queenalice.com/game.php?id=450864"]
[Date "2008.8.20"]
[Round "1"]
[White "willians"]
[Black "marcelob2"]
[Result "1-0"]
[WhiteElo "1785"]
[BlackElo "1729"]

1. e4 e5 2. Nf3 Nc6 3. Nc3 Nf6 4. d4 exd4 5. Nxd4 Be7 6. Nxc6 dxc6 7. Qxd8+ Bxd8
8. Bg5 O-O 9. O-O-O Be6 10. f3 b5 11. g3 b4 12. Ne2 h6 13. Be3 Be7 14. Nd4 Bc8
15. Nxc6 Re8 16. Nxe7+ Rxe7 17. Bc5 Re5 18. Rd8+ Kh7 19. Bxb4 Bb7 20. Rxa8 Bxa8
21. Bd3 a5 22. Bc3 Nd7 23. Bxe5 Nxe5 24. Be2 f6 25. Rd1 c5 26. Rd8 Bc6 27. Rc8
Bb7 28. Rxc5 a4 29. f4 Nd7 30. Rc7 1-0

[Event "Challenge"]
[Site "http://www.queenalice.com/game.php?id=455982"]
[Date "2008.8.30"]
[Round "-"]
[White "wellcome"]
[Black "willians"]
[Result "0-1"]
[WhiteElo "1535"]
[BlackElo "1786"]

1. e4 c5 2. c4 Nc6 3. Nf3 d6 4. Bd3 Nf6 5. h3 g6 6. a3 Bg7 7. O-O O-O 8. Nc3 Nd7
9. h4 Nde5 10. Nxe5 Nxe5 11. Be2 e6 12. f4 Nc6 13. d3 Nd4 14. Be3 Qxh4 15. Qe1
Qxe1 16. Raxe1 Nc2 17. Rc1 Nxe3 18. Rf3 Ng4 19. Nb5 Rd8 20. Nc7 Rb8 21. Rg3 Nf6
22. b4 Rd7 23. Nb5 a6 24. Na7 Ra8 25. Nc6 bxc6 26. bxc5 dxc5 27. e5 Ne8 28. a4
Rb7 29. Bf3 Bd7 30. a5 Rab8 31. Kh2 f6 32. Re1 Rb1 33. Re3 Ra1 34. exf6 Nxf6 35.
Rg5 Rxa5 36. Re2 Ra3 37. Rxc5 Rxd3 38. Re1 Rb2 39. Bxc6 Ng4+ 40. Kh1 Nf2+ 41.
Kg1 Bd4 42. Ra5 Bxc6 43. Rxe6 Ng4+ 44. Kf1 Rd1+ 45. Re1 Nh2# 0-1

[Event "AUTO-ADV-1068"]
[Site "http://www.queenalice.com/game.php?id=475407"]
[Date "2008.10.10"]
[Round "1"]
[White "Rosberg"]
[Black "willians"]
[Result "1-0"]
[WhiteElo "2013"]
[BlackElo "1792"]

1. d4 Nf6 2. c4 g6 3. Nc3 d5 4. cxd5 Nxd5 5. e4 Nxc3 6. bxc3 Bg7 7. Bc4 c5 8.
Ne2 cxd4 9. cxd4 O-O 10. O-O Nc6 11. Be3 e6 12. Qd2 Re8 13. Bg5 Qd7 14. Rfd1 a6
15. Rac1 b5 16. Bb3 Bb7 17. Bh6 Bxh6 18. Qxh6 Rad8 19. Rd3 a5 20. Nf4 Nxd4 21.
Nh5 Ne2+ 22. Kf1 gxh5 23. Rxd7 Rxd7 24. Qg5+ Kf8 25. Kxe2 Bxe4 26. Qxb5 Red8 27.
Qxa5 Bg6 28. Rc7 Rd4 29. Kf1 Bd3+ 30. Kg1 Bg6 31. h3 h4 32. Qc5+ Kg8 33. Bxe6
Kg7 34. Bxf7 Bxf7 35. Qg5+ Kf8 36. Qe7+ Kg8 37. Qxf7+ Kh8 38. Qxh7# 1-0

[Event "AUTO-ADV-1068"]
[Site "http://www.queenalice.com/game.php?id=475408"]
[Date "2008.10.10"]
[Round "1"]
[White "willians"]
[Black "Rosberg"]
[Result "0-1"]
[WhiteElo "1799"]
[BlackElo "2055"]

1. e4 e5 2. Nf3 Nc6 3. d4 exd4 4. Nxd4 Nf6 5. Nxc6 bxc6 6. Bd3 d5 7. e5 Nd7 8.
O-O Nc5 9. Nc3 Qh4 10. Be3 Rb8 11. b3 Be7 12. Be2 O-O 13. Qd4 Qxd4 14. Bxd4 Ne6
15. Rad1 Nxd4 16. Rxd4 Re8 17. Na4 Ba3 18. f4 f6 19. Bf3 fxe5 20. fxe5 Rxe5 21.
c4 Bb7 22. cxd5 cxd5 23. Rf4 Ba6 24. Rd1 c6 25. h3 Rbe8 26. Kf2 Bd6 27. Rfd4
R5e6 28. R1d2 Rg6 29. g4 Rf6 30. Kg2 Bf1+ 31. Kxf1 Rxf3+ 32. Kg2 Rg3+ 33. Kf1
Rxh3 34. Kg2 Rh4 35. Nb2 Be5 36. R4d3 Rxg4+ 37. Kh1 Bd6 38. Rd1 Re2 39. R3d2 Re6
40. Nd3 Rh6+ 41. Rh2 Rxh2# 0-1

[Event "AUTO-ADV-1068"]
[Site "http://www.queenalice.com/game.php?id=475421"]
[Date "2008.10.10"]
[Round "1"]
[White "zolaweed"]
[Black "willians"]
[Result "1-0"]
[WhiteElo "1880"]
[BlackElo "1854"]

1. c4 e5 2. Nc3 Nf6 3. e4 Nc6 4. Nf3 a6 5. Be2 Bc5 6. h3 d6 7. d3 h6 8. a3 Be6
9. b4 Ba7 10. O-O Ne7 11. Re1 O-O 12. Bf1 c6 13. Qc2 Qd7 14. Bd2 Ng6 15. Be3 Nf4
16. Bxf4 exf4 17. d4 d5 18. exd5 cxd5 19. c5 Bf5 20. Qc1 Bb8 21. Ne5 Bxe5 22.
dxe5 Nh5 23. Qd1 d4 24. Ne4 Bg6 25. Nd6 Qc6 26. Qxd4 Rad8 27. f3 Kh8 28. e6 fxe6
29. Rxe6 Qd7 30. Rxg6 Nf6 31. Bc4 Kh7 32. Qd3 Kh8 33. Qd4 Kh7 34. Bd3 Kh8 35.
Qxf4 Qe7 36. Qg3 Nh5 37. Qf2 Nf4 38. Rxh6+ gxh6 39. Qb2+ Qg7 40. Qxg7+ Kxg7 41.
Bc4 Rd7 42. Rd1 Kh7 43. g3 Nxh3+ 44. Kg2 Ng5 45. Rd3 Rfd8 46. Re3 b5 47. Bd3+
Kh8 48. Bf5 Rg7 49. g4 1-0

[Event "AUTO-ADV-1068"]
[Site "http://www.queenalice.com/game.php?id=475422"]
[Date "2008.10.10"]
[Round "1"]
[White "willians"]
[Black "zolaweed"]
[Result "1-0"]
[WhiteElo "1793"]
[BlackElo "1862"]

1. e4 e5 2. Nf3 Nc6 3. d4 exd4 4. Nxd4 Nge7 5. Bg5 f6 6. Bh4 b6 7. Nxc6 Nxc6 8.
Bc4 h5 9. O-O Bb7 10. Nc3 Na5 11. Be2 a6 12. Bxh5+ Ke7 13. Nd5+ Bxd5 14. exd5
Rxh5 15. Qxh5 Nc4 16. Rfe1+ Kd6 17. Bg3+ Kc5 18. d6+ Kc6 19. Qf3+ Kb5 20. dxc7
Qc8 21. Qd5+ Bc5 22. a4+ Kb4 23. b3 Na3 24. Qd2# 1-0

[Event "AUTO-ADV-1068"]
[Site "http://www.queenalice.com/game.php?id=475431"]
[Date "2008.10.10"]
[Round "1"]
[White "willians"]
[Black "madriles"]
[Result "0-1"]
[WhiteElo "1823"]
[BlackElo "1844"]

1. d4 d5 2. c4 e6 3. Nc3 Nf6 4. cxd5 exd5 5. Nf3 Bg4 6. e3 Nc6 7. Be2 g6 8. O-O
Bg7 9. h3 Be6 10. a3 O-O 11. Bd2 Re8 12. Nh2 Ne7 13. Ng4 Nxg4 14. Bxg4 Bxg4 15.
Qxg4 c6 16. Rad1 Nf5 0-1

[Event "AUTO-ADV-1068"]
[Site "http://www.queenalice.com/game.php?id=475432"]
[Date "2008.10.10"]
[Round "1"]
[White "madriles"]
[Black "willians"]
[Result "1-0"]
[WhiteElo "1828"]
[BlackElo "1839"]

1. d4 Nf6 2. c4 g6 3. Nc3 d5 4. e3 Bg7 5. Nf3 O-O 6. cxd5 Nxd5 7. Bc4 Be6 8. Qb3
c6 9. e4 b5 10. Bxd5 cxd5 11. exd5 Bg4 12. Ne5 Bf5 13. Qxb5 Nd7 14. O-O Nxe5 15.
dxe5 Bxe5 16. Be3 1-0